00333nam a22000977a 4500008004100000082001600041110003200057245009100089260004800180300000700228230621b xxu||||| |||| 00| 0 eng d a328.03bNAZ bNational Assembly of Zambia aParliamentary Procedure Abstract Series 5bOfficers of the Legislative Body Since 1948 bNational Assembly Research Departmentc1995 a4p